000 01219nam a2200325Ia 4500
001 ebr10095864
003 CaPaEBR
006 m u
007 cr cn|||||||||
008 930402s1994 enka sb 001 0 eng d
010 _z 93001457
020 _z0203977440
020 _z0415090555 (hbk.)
020 _z0415090563 (pbk.)
040 _aCaPaEBR
_cCaPaEBR
035 _a(OCoLC)133095129
050 1 4 _aRC489.P7
_bH35 1994eb
245 0 4 _aThe handbook of dramatherapy
_h[electronic resource] /
_cSue Jennings ... [et al.].
260 _aLondon ;
_aNew York :
_bRoutledge,
_c1994.
300 _avi, 232 p. :
_bill.
504 _aIncludes bibliographical references and indexes.
533 _aElectronic reproduction.
_bPalo Alto, Calif. :
_cebrary,
_d2009.
_nAvailable via World Wide Web.
_nAccess may be limited to ebrary affiliated libraries.
650 0 _aDrama
_xTherapeutic use.
650 0 _aPsychotherapy.
650 0 _aRole playing
_xTherapeutic use.
655 7 _aElectronic books.
_2local
700 1 _aJennings, Sue,
_d1938-
710 2 _aebrary, Inc.
856 4 0 _uhttp://site.ebrary.com/lib/rucke/Doc?id=10095864
_zAn electronic book accessible through the World Wide Web; click to view
999 _c98029
_d98029